| 000 | 00516nam a2200193Ia 4500 | ||
|---|---|---|---|
| 003 | OSt | ||
| 005 | 20200903114455.0 | ||
| 008 | 190216s9999||||xx |||||||||||||| ||und|| | ||
| 020 | _a9780070473607 | ||
| 040 | _coclc | ||
| 082 |
_a531 _bHAN/M |
||
| 100 |
_aHans, H S _94402 |
||
| 245 | 0 |
_aMechanics / _cH S Hans ; S P Puri |
|
| 250 | _a2nd Ed. | ||
| 260 |
_bMcgraw -hill Publishing, _aNew Delhi: _c2006. |
||
| 300 | _a559p | ||
| 650 | _aPhysics | ||
| 942 |
_cBK _2ddc _h531 _iHAN/M _k531 _mHAN/M |
||
| 999 |
_c34046 _d34046 |
||